[Event "Rhein Main op 08th"]
[Site "Bad Homburg"]
[Date "2005.05.28"]
[Round "5"]
[White "Schlueter, Ulrich"]
[Black "Fendel, Harald"]
[Result "1/2-1/2"]
[WhiteElo "1521"]
[BlackElo "1705"]
[PlyCount "36"]
[EventDate "2005.05.25"]
[EventType "swiss"]
[EventRounds "7"]
[EventCountry "GER"]
[SourceTitle "EXT 2006"]
[Source "ChessBase"]
[SourceDate "2005.11.24"]
[SourceVersion "1"]
[SourceVersionDate "2005.11.24"]
[SourceQuality "1"]

1. c4 Nf6 2. Nf3 e6 3. g3 b6 4. Bg2 Bb7 5. 0-0 c5 6. d3 Nc6 7. a3 Be7 8. Bd2 d5 9. b3 0-0 10. Nc3 Qd7 11. Na2 a6 12. Qc2 Qc7 13. Rfc1 d4 14. b4 Rfe8 15. Rab1 Na7 16. bxc5 bxc5 17. Rb2 Bxf3 18. Bxf3 Rab8 1/2-1/2